<?xml version="1.0" encoding="UTF-8"?>
<collection xmlns="http://www.loc.gov/MARC21/slim">
 <record>
  <leader>02903nam a2200205Ia 4500</leader>
  <controlfield tag="001">TDMU_34937</controlfield>
  <controlfield tag="008">210410s9999    xx            000 0 und d</controlfield>
  <datafield tag="082" ind1=" " ind2=" ">
   <subfield code="a">616.132</subfield>
  </datafield>
  <datafield tag="090" ind1=" " ind2=" ">
   <subfield code="b">TR561</subfield>
  </datafield>
  <datafield tag="100" ind1=" " ind2=" ">
   <subfield code="a">Trường Đại học Thủ Dầu Một</subfield>
  </datafield>
  <datafield tag="245" ind1=" " ind2="0">
   <subfield code="a">Nam bộ từ năm 1698 đến cuối thế kỷ XIX qua nghiên cứu của người nước ngoài</subfield>
  </datafield>
  <datafield tag="245" ind1=" " ind2="0">
   <subfield code="c">Trường Đại học Thủ Dầu Một</subfield>
  </datafield>
  <datafield tag="260" ind1=" " ind2=" ">
   <subfield code="a">Tp. Hồ Chí Minh</subfield>
  </datafield>
  <datafield tag="260" ind1=" " ind2=" ">
   <subfield code="b">Văn hóa - Văn nghệ Tp. Hồ Chí Minh</subfield>
  </datafield>
  <datafield tag="260" ind1=" " ind2=" ">
   <subfield code="c">2018</subfield>
  </datafield>
  <datafield tag="300" ind1=" " ind2=" ">
   <subfield code="a">311tr.</subfield>
  </datafield>
  <datafield tag="520" ind1=" " ind2=" ">
   <subfield code="a">Nam bộ, vùng đất có bề dày lịch sử hơn 300 năm kể từ chuyến kinh lược năm 1698 của Nguyễn Hữu Cảnh. Hơn ba thế kỷ trôi qua, Nam bộ là nơi diễn ra những cuộc chuyển giao lịch sử quan trọng nên đã thu hút sự quan tâm nghiên cứu của nhiều học giả nước ngoài, thể hiện qua các tác phẩm của Thích Đại Sán (cuốn Hải ngoại kỷ sự), Thái Đình Lan (cuốn Hải Nam tạp trứ), Charles B. Maybon (cuốn Histoire moderne du pays dâ€™Annam (1592-1820)), Li Tana (cuốn Nguyen Cochinchina Southern Vietnam in the Seventeeth and Eighteeth Centuries), Choi Byung Wook (cuốn  Southern Vietnam under the Reign of Minh Mạng (1820 â€“ 1841)), Paul Doumer (cuốn Lâ€™Indo â€“ Chine franÃ§aise (Souvenir))... Tuy vậy, những hiểu biết của chúng ta về Nam bộ trên tất cả các mặt kinh tế, chính trị, văn hóa, xã hộiâ€¦ chưa thật đầy đủ và toàn diện, do đó việc kết tập tư liệu thành hệ thống có ý nghĩa bổ chú vào những khoảng trống lâu nay trong nghiên cứu về vùng đất này, để hướng đến những tìm tòi mới. Với nhận thức đó, Nhà xuất bản đã nỗ lực, cố gắng tuyển chọn nhiều bài viết của nhiều tác giả từ Kỷ yếu Hội thảo Khoa học của Trường Đại học Thủ Dầu Một: Nam bộ từ năm 1698 đến nay qua nghiên cứu của người nước ngoàiđể in thành sách với nhan đề Nam bộ từ năm 1698 đến cuối thế kỷ XIX qua nghiên cứu của người nước ngoài,ngõ hầu cung cấp một kênh tham khảo cho độc giả và những nhà nghiên cứu quan tâm, tìm hiểu</subfield>
  </datafield>
  <datafield tag="650" ind1=" " ind2=" ">
   <subfield code="a">Lịch sử</subfield>
   <subfield code="y">1698 - thế kỷ 19</subfield>
   <subfield code="z">Nam bộ (Việt Nam)</subfield>
  </datafield>
  <datafield tag="856" ind1=" " ind2=" ">
   <subfield code="u">http://lrc.tdmu.edu.vn/opac/search/detail.asp?aID=2&amp;ID=34937</subfield>
  </datafield>
  <datafield tag="980" ind1=" " ind2=" ">
   <subfield code="a">Trung tâm Học liệu Trường Đại học Thủ Dầu Một</subfield>
  </datafield>
 </record>
</collection>
